00307nam a22001097a 4500082003300000100002600033245004400059260003800103300001100141526003700152650000800189 a620.0071142bLOUcL-31, P-36 aCollege, Loughborough aCalendarcLoughborough College, England aEnglandbEcho Press Limitedc1949 a142.p: a0b0c0d620_007114200000000_LOU aMCE